000 00993nam a2200229 a 4500
001 000013609
003 DO-SdBNP
005 20240412074239.0
007 ta
008 091126s1957 dr r 000 s spa d
040 _aDO-SdBNP
_bspa
_cBNPHU
082 _axxxx
_bxxxx
245 0 0 _aDiscurso pronunciado por el presidente del senado y de la asamblea nacional, licenciado Porfirio Herrera, el 16 de agosto de 1957, en el acto de recibir el juramento de sus excelencias, el general Hector B. Trujillo Molina y doctor Joaquin Balaguer, como presidente y vicepresidente de la República Dominicana, respectivamente para el período de gobierno de 1957 a 1962.
260 _aCiudad Trujillo, República Dominicana:
_aArte y Cine,
_c1957.
300 _a16 p. ;
_c23 cm.
590 _aInventariado, 2022/ YL
650 1 4 _aDiscusos presidenciales
_931008
650 1 4 _aElecciones
_zRepública Dominicana
_92992
650 1 0 _aLiteratura dominicana.
_967
910 _aYLockward
942 _2ddc
_cLF2
999 _c13224
_d13224